00411nam a22001457a 450000500170000000800410001704000070005804100120006508200210007710000250009824500520012326000550017530000180023065000170024820250107102539.0250107b ||||| |||| 00| 0 eng d cAL aEnglish 223a348.04bCHAA aJagjith Singh Chawla aAll India Criminal Law Reporter: Vol 28 1995(2) aChandigarhbAll India Criminal Law Reporter c1995 bHBc24x16 cm. aCriminal law